000 00468nam a2200181Ia 4500
005 20250603144745.0
008 250603s9999 xx 000 0 und d
020 _a81-224-1592-X
050 _aHD 49 .M85/
100 _aMukhopadhyay, Asim Kumar
245 0 _aCrisis and disaster management turbulence and aftermath
260 _aNew Delhi
260 _bNew Age International (P) Ltd.
260 _c2005
300 _a94 p
650 _aNew Delhi
942 _cBK
999 _c39857
_d39857